last words of a shooting star - mitski lyrics - Statistics

General Stats
  • This quiz has been taken 310 times
  • The average score is 134 of 176
Answer Stats
Answer % Correct
a
100%
i
98%
the
96%
for
94%
of
94%
was
94%
and
93%
in
93%
my
93%
when
93%
room
91%
wasn't
91%
know
90%
that
90%
left
89%
tidy
89%
all
88%
me
88%
they
88%
am
87%
come
87%
from
87%
things
87%
this
87%
turbulence
87%
be
86%
think
86%
apologies
85%
they'll
85%
you
84%
forecasted
83%
how
83%
kindly
83%
relieved
83%
never
82%
to
82%
intercom
81%
i'd
80%
no
78%
blood
77%
like
77%
dark
75%
shark
75%
sniffing
75%
with
74%
at
71%
but
71%
thoughts
71%
is
69%
night
69%
we
69%
music
68%
did
67%
it
66%
liberty
66%
bell
64%
dreams
64%
replica
64%
stared
64%
look
63%
die
62%
clean
61%
going
61%
love
61%
always
60%
live
60%
eyes
58%
made
58%
pretty
58%
while
58%
carefully
56%
its
56%
original
56%
so
56%
through
56%
wanted
56%
were
56%
yours
56%
looking
55%
silently
55%
walls
55%
you'd
54%
mine
53%
morning
53%
movies
53%
ought
53%
say
53%
wouldn't
53%
goodbye
52%
have
52%
housed
52%
leave
52%
on
52%
busy
50%
loved
50%
too
49%
changed
48%
couldn't
48%
days
47%
working
47%
learned
45%
quietly
45%
till
45%
believe
43%
told
42%
anyways
39%
played
39%
No matching quizzes found
Score Distribution
Percent of People with Each Score
Percentile by Number Answered
Your Score History
You have not taken this quiz